000 01120nam a2200337 a 4500
001 vtls001130697
003 NLI
005 20210603133644.0
008 120325s1980 ii a 000 0 hin
020 _cRs.12.00
039 9 _y201203251751
_zVLOAD
040 _aNLI
_bhineng
_cDatasoft_Hindi
_eAACR2
041 0 _ahin
044 _a ii
082 0 4 _a 633.11
100 1 _6880-01
_aलाल¸ इन्द्रजीत
_9198214
245 1 0 _6880-02
_aगेहूँ की कहानी /
_cइन्द्रजीत लाल
250 _a2nd rev ed.
260 _aदिल्ली :
_bबिशन चन्द,
_c1980
300 _a116 p. :
_bill. ;
_c18 cm.
500 _aभारत सरकार द्वारा पुरस्कृत
650 0 _aWheat
_xHistory
_954056
650 0 _aAgriculture
_zIndia
_9996
880 1 0 _6245-02(B
_aGehūṁ kī kahānī /
_cIndrajīt Lāl
880 1 _6100-01(B
_aLāl, Indrajīt
887 _a
901 _a53425
_b14.1.88
902 _aH 633.11 L 425 g
942 _2ddc
_cBKS
949 _AVIRTUAITEM
_D10000
_X100
_6HIN000053425HIN
999 _aVIRTUA40
_c430077
_d430077